000 00563nam a2200229Ia 4500
003 OSt
005 20220918195937.0
006 a|||||r|||| 00| 0
007 ta
008 220917b |||||||| |||| 00| 0 eng d
024 _a86,812
037 _cTextual
040 _aARTS
_cARTS
_beng
041 _2eng
_aeng
082 _aT2:3:G, K6,1-4
245 0 _aIntroducing living things
260 _c1966
490 _aNuffield biology teacher's guide; 1
650 _aEDUCATION
942 _hT2:3:G, K6,1-4
_cTEXL
_2CC
999 _c210509
_d210509